| 000 | 00604nam a2200193 a 4500 | ||
|---|---|---|---|
| 005 | 20210219160538.0 | ||
| 008 | 081110s1991 mx r 000 0 spa d | ||
| 035 | _aUPN01000167617 | ||
| 049 | _aUNE | ||
| 080 | _a376.2/.6 (-77) =20 OTO No.8. | ||
| 100 | 1 | _aO'Toole, Brian John | |
| 245 | 1 | 0 |
_aGuide to community- based rehabilitation services / _cBrian John O'Toole. |
| 260 |
_aParis : _bUNESCO, _c1991. |
||
| 300 | _a96 p. | ||
| 440 | 0 |
_aGuide for special education ; _v8. |
|
| 690 | _aNiƱos minusvalidos- Rehabilitacion | ||
| 690 | _aEducacion especial- Paises en desarrollo | ||
| 905 | _aUNESCO | ||
| 999 |
_c139728 _d139728 |
||